| 000 | 01217cam a2200229 4500 | ||
|---|---|---|---|
| 001 | X115098 | ||
| 008 | 011012n2001 000 0 eng u | ||
| 035 | _a(Sirsi) u115098 | ||
| 245 | _aR (on the application of Lowther) v Durham CC and another | ||
| 260 | _c2001 | ||
| 490 |
_aEstates Gazette _v[2001] 22 EG 154 (CS) (2/5/01) |
||
| 520 | _aCA 24 May 2001. Operator of quarry changing fuel type to secondary liquid fuel - Applicant objecting - Council deciding material change of use of land requiring planning permission - Council considering report containing advice from counsel and reversing decision - Applicant seeking to quash decision - Judge finding advice not defective in law and dismissing application - Applicant appealing - Whether burning of waste on a significant scale as part of an operation always constituting a separate land use for planning purposes - Appeal dismissed. | ||
| 650 | _aR V DURHAM CC AND ANOTHER EX P LOWTHER | ||
| 650 | _aEAST BARNET URBAN DC V BRITISH TRANSPORT COMMISSION | ||
| 650 |
_aEnvironment _96238 |
||
| 650 |
_aLand use _96251 |
||
| 650 | _aCHANGE OF USE | ||
| 650 | _aWASTE | ||
| 650 | _aPLANNING | ||
| 690 | _aPROPERTY AND LAND LAW-CASE LAW | ||
| 942 | _n0 | ||
| 999 |
_c68555 _d68555 |
||